Cơ sở di truyền phân tử và kỹ thuật gen

Những kiến thức cơ bản trong lĩnh vực di truyền học, di truyền phân tử, các nguyên lý cơ bản của kỹ thuật gen trong thực tiễn

Gardado en:
Detalles Bibliográficos
Autor Principal: Khuất Hữu Thanh
Formato: Libro
Idioma:Vietnamese
Publicado: H. Khoa học và kỹ thuật 2003
Những chủ đề:
Gen
Các nhãn: Engadir etiqueta
Sen Etiquetas, Sexa o primeiro en etiquetar este rexistro!
Thư viện lưu trữ: Mạng thư viện Đại học Đà Nẵng
LEADER 01392nam a2200373 4500
001 000024861
003 21350
005 20170310150344.0
008 170310s2003 viesd
020 |c 28000 
041 0 |a vie 
082 1 4 |a 576.5  |b KH-T 
100 1 |a Khuất Hữu Thanh 
245 1 0 |a Cơ sở di truyền phân tử và kỹ thuật gen  |c Khuất Hữu Thanh 
260 |a H.  |b Khoa học và kỹ thuật  |c 2003 
300 |a 221 tr.  |b minh họa  |c 24 cm. 
500 |a ĐTTS ghi: Trường ĐH Bách khoa HN 
520 3 |a Những kiến thức cơ bản trong lĩnh vực di truyền học, di truyền phân tử, các nguyên lý cơ bản của kỹ thuật gen trong thực tiễn 
650 0 4 |a Công nghệ gen  |v Giáo trình 
650 0 4 |a Di truyền phân tử  |v Giáo trình 
650 0 4 |a Gen  |v Giáo trình  |x Kỹ thuật 
653 |a Di truyền phân tử 
653 |a Sinh học 
653 |a Gen 
OWN |a LSP 
AVA |a UDN50  |b LSP  |d 576.5 KH-T  |e unavailable  |t Error 5002 Not defined in file expand_doc_bib_avail.  |f 1  |g 1  |h N  |i 0  |k 1 
999 |a From the UDN01 
AVA |a UDN50  |b LSP  |d 576.5 KH-T  |e unavailable  |t Error 5002 Not defined in file expand_doc_bib_avail.  |f 1  |g 1  |h N  |i 0  |k 1 
TYP |a Monograph 
TYP |a Printed language 
980 |a Mạng thư viện Đại học Đà Nẵng